Countries that resemble the Cook Islands Quiz Stats

Quiz not verified by Sporcle

Also try: The Poland Quiz
Challenge
Share
Tweet
Embed
Score 0/29 Timer 07:00
0 Plays Today
Hint Answer % Correct
Have 10 or more stars on the flagCook Islands (15)
100%
More than 90% overweight or obeseCook Islands (90.9%)
100%
Have a red, blue and white flag and in OceaniaAustralia
87.7%
Have a red, blue and white flag and in OceaniaNew Zealand
87.7%
Begin with 'Co'Colombia
86.9%
Have 10 or more stars on the flagUnited States of America (50)
84.6%
Population less than 20,000Vatican City
83.1%
Begin with 'Co'Comoros
82.3%
More than 90% overweight or obeseNauru (94.5%)
81.5%
Have a red, blue and white flag and in OceaniaSamoa
81.5%
Have a capital that starts and ends with 'A'Samoa (Apia)
81.5%
Population less than 20,000Nauru
81.5%
Population less than 20,000Tuvalu
77.7%
More than 90% overweight or obeseTonga (90.8%)
69.2%
Population less than 20,000Palau
69.2%
Hint Answer % Correct
Begin with 'Co'Costa Rica
63.1%
Have a capital that starts and ends with 'A'Kazakhstan (Astana)
63.1%
Have a capital that starts and ends with 'A'Turkey (Ankara)
60%
Begin with 'Co'Cote d'Ivoire
59.2%
More than 90% overweight or obeseMicronesia (91.1%)
59.2%
Have a capital that starts and ends with 'A'Ethiopia (Addis Ababa)
53.8%
Have a capital that starts and ends with 'A'Andorra (Andorra la Vella)
52.3%
Have a capital that starts and ends with 'A'Eritrea (Asmara)
47.7%
Have a capital that starts and ends with 'A'Nigeria (Abuja)
47.7%
Have a capital that starts and ends with 'A'Ghana (Accra)
45.4%
Have 10 or more stars on the flagBrazil (27)
43.8%
Have 10 or more stars on the flagUzbekistan (12)
28.5%
Have 10 or more stars on the flagCabo Verde (10)
19.2%
Have 10 or more stars on the flagDominica (10)
13.8%

You're not logged in!

Compare scores with friends on all Sporcle quizzes.
Sign Up with Email
OR
Log In

You Might Also Like...

Show Comments

Extras

Top Quizzes Today


Score Distribution

Your Account Isn't Verified!

In order to create a playlist on Sporcle, you need to verify the email address you used during registration. Go to your Sporcle Settings to finish the process.

Report this User

Report this user for behavior that violates our Community Guidelines.

Details: